000 00288nam a22001337a 4500
008 170222b xxu||||| |||| 00| 0 eng d
020 _a9780781729659
041 _aeng
080 _a615 31
100 _a5
101 _aSHS
245 _aDENTAL IMAGING
_cLANGLAND.O.E
942 _2udc
_cBK
999 _c6024
_d6024